| 000 | 00404nam a2200169Ia 4500 | ||
|---|---|---|---|
| 001 | 23502 | ||
| 005 | 20260414150941.0 | ||
| 008 | 260414t2017||||xx |||||||||||||| ||spa|| | ||
| 041 | _aESP | ||
| 082 |
_a658.4012 _bD31 2017 |
||
| 100 |
_aDavid, Fred R. _eAUT |
||
| 245 | 0 |
_aConceptos de administración estratégica _b |
|
| 260 | _c2017 | ||
| 650 | _aCIS | ||
| 654 | _aCAN | ||
| 942 |
_cLIB _dJUS _fJUS _2ddc _n |
||
| 999 |
_c23502 _d23502 |
||